Catadioptric imaging systems (Record no. 4103)

MARC details
000 -LEADER
fixed length control field 00594nam a2200217Ia 4500
003 - CONTROL NUMBER IDENTIFIER
control field IN-BaIIA
008 - FIXED-LENGTH DATA ELEMENTS--GENERAL INFORMATION
fixed length control field 211028s9999 xx 000 0 eng d
020 ## - INTERNATIONAL STANDARD BOOK NUMBER
International Standard Book Number 0-85274-171-5
040 ## - CATALOGING SOURCE
Transcribing agency IIA Library
080 ## - UNIVERSAL DECIMAL CLASSIFICATION NUMBER
Universal Decimal Classification number 535.8
Item number MAX
100 ## - MAIN ENTRY--PERSONAL NAME
Personal name Maxwell, Jonathan
9 (RLIN) 7245
245 #0 - TITLE STATEMENT
Title Catadioptric imaging systems
Statement of responsibility, etc. Jonathan Maxwell
260 ## - PUBLICATION, DISTRIBUTION, ETC.
Place of publication, distribution, etc. London
Name of publisher, distributor, etc. Adam Hilger
Date of publication, distribution, etc. 1972
300 ## - PHYSICAL DESCRIPTION
Extent viii, 102p.
490 ## - SERIES STATEMENT
Series statement Monographs on applied optics; no. 6
650 ## - SUBJECT ADDED ENTRY--TOPICAL TERM
Topical term or geographic name entry element Catadioptric telescopes
9 (RLIN) 7246
650 ## - SUBJECT ADDED ENTRY--TOPICAL TERM
Topical term or geographic name entry element Imaging systems
9 (RLIN) 7247
650 ## - SUBJECT ADDED ENTRY--TOPICAL TERM
Topical term or geographic name entry element NASA thesaurus
650 ## - SUBJECT ADDED ENTRY--TOPICAL TERM
Topical term or geographic name entry element Optics
942 ## - ADDED ENTRY ELEMENTS (KOHA)
Koha item type Books
Holdings
Withdrawn status Lost status Damaged status Not for loan Home library Current library Shelving location Date acquired Cost, normal purchase price Total Checkouts Full call number Barcode Date last seen Cost, replacement price Price effective from Koha item type Purchase Price
        IIA Library-Bangalore IIA Library-Bangalore General Stacks 23/02/1973 95.40   535.8/ MAX 4575 05/11/2021 95.40 23/02/1973 Books Rs. 95.40

Powered by Koha